| 000 | 01113nam a2200301 c 4500 | ||
|---|---|---|---|
| 003 | BLK | ||
| 005 | 20180421000600.0 | ||
| 008 | 180411b bul|||||r ||||||| ||bul|| | ||
| 010 | _aKNG00198608000 | ||
| 040 | _aBLK | ||
| 041 |
_aBUL _cBUL |
||
| 080 |
_aГеография на България _b913(497.2) _x(23) _z913(497.2)(23) |
||
| 100 | 1 |
_aПопов, Владимир Йорданов _eпърви автор _9279086 |
|
| 139 |
_aПопов, Владимир Йорданов _bП 76 |
||
| 245 | 1 | 0 |
_aПирин _cВладимир Йорданов Попов. |
| 257 | _aBGR | ||
| 260 |
_аСофия _bНаука и изкуство _c1966 |
||
| 300 |
_a146 с. _bс ил., 4 л. к. _c18 см |
||
| 380 | _a91 | ||
| 490 | 1 | _aБиблиотека при Българското географско дружество | |
| 500 | _aС рез. от нем., англ., фр. ез. | ||
| 650 | 4 |
_aПирин (пл.) _9256389 |
|
| 852 | _aЦб І 8225 | ||
| 856 | 4 |
_qpdf _u |
|
| 856 | 4 |
_qpdf _u |
|
| 942 |
_cKNG _n0 |
||
| 944 |
_aCR _c19.12.2016 _kСилвестър_Спасов |
||
| 944 |
_aED _c19.12.2016 _kСилвестър_Спасов |
||
| 999 |
_c189564 _d189564 |
||